Community vulnerability assessment of tehsil Behrain district swat (Post Flood Vulnerability assessment) (Record no. 554313)

000 -LEADER
fixed length control field 00512nam a22001817a 4500
003 - CONTROL NUMBER IDENTIFIER
control field OSt
005 - DATE AND TIME OF LATEST TRANSACTION
control field 20210314135051.0
008 - FIXED-LENGTH DATA ELEMENTS--GENERAL INFORMATION
fixed length control field 201023b ||||| |||| 00| 0 eng d
040 ## - CATALOGING SOURCE
Transcribing agency OCLC
082 ## - DEWEY DECIMAL CLASSIFICATION NUMBER
Classification number T-254
100 ## - MAIN ENTRY--PERSONAL NAME
Personal name Shams ul Haq
9 (RLIN) 51755
245 ## - TITLE STATEMENT
Title Community vulnerability assessment of tehsil Behrain district swat (Post Flood Vulnerability assessment)
260 ## - PUBLICATION, DISTRIBUTION, ETC.
Place of publication, distribution, etc. Risalpur,
Name of publisher, distributor, etc. MCE,
Date of publication, distribution, etc. 2019.
300 ## - PHYSICAL DESCRIPTION
Extent 68p.
526 ## - STUDY PROGRAM INFORMATION NOTE
Program name 0
Interest level 0
Reading level 0
Title point value T_254
650 ## - SUBJECT ADDED ENTRY--TOPICAL TERM
Topical term or geographic name entry element Disaster Management
942 ## - ADDED ENTRY ELEMENTS (KOHA)
Source of classification or shelving scheme
Koha item type Book
Source of classification or shelving scheme
Holdings
Withdrawn status Lost status Source of classification or shelving scheme Damaged status Not for loan Permanent Location Current Location Date acquired Total Checkouts Full call number Barcode Date last seen Price effective from Koha item type
          Military College of Engineering (MCE) Military College of Engineering (MCE) 10/30/2019   T-254 MCE-T-254 10/30/2019 10/30/2019 Book
© 2023 Central Library, National University of Sciences and Technology. All Rights Reserved.